| 000 | 00697nam a2200229 a 4500 | ||
|---|---|---|---|
| 001 | BRCA_7013 | ||
| 005 | 20190321142921.0 | ||
| 008 | 251111s1900----gw-b######---#000-0#ger-# | ||
| 041 | _ager | ||
| 044 | _agw | ||
| 050 | 4 | _b.B67 1900 | |
| 245 | 1 | 0 |
_aStern-Karten _bnebst Sternfinder für Seeleute und Reisende sowie alle Freunde des Sternenhimmels _cvon Julius Bortfeldt |
| 250 | _a2 | ||
| 260 |
_aBremerhaven y Leipzig, Alemania _bL. v. Vangerow _c[19--?] |
||
| 300 |
_a[4]p. _b2 mapas _c21 cm. |
||
| 500 | _aEstado físico: cubiertas mutiladas | ||
| 500 | _aO22 | ||
| 650 | 1 | 4 |
_aCartas de navegación nocturna _917445 |
| 700 | 1 |
_aBortfeldt, Julius _917446 |
|
| 902 | _aGFM | ||
| 942 |
_2lcc _cB |
||
| 999 |
_c6694 _d6694 |
||